Pump Engineering Data

Guardat en:
Dades bibliogràfiques
Format: Llibre
Idioma:Undetermined
Publicat: Philadelphia Economy Pumps, inc 1946
Matèries:
Etiquetes: Afegir etiqueta
Sense etiquetes, Sigues el primer a etiquetar aquest registre!
Thư viện lưu trữ: Trung tâm Học liệu Trường Đại học Cần Thơ
LEADER 00430nam a2200157Ia 4500
001 CTU_23583
008 210402s9999 xx 000 0 und d
082 |a 621.64 
082 |b P976 
245 0 |a Pump Engineering Data 
260 |a Philadelphia 
260 |b Economy Pumps, inc 
260 |c 1946 
650 |a Pumping machinery,Economy Pumps 
904 |i Sáng, 980427 
980 |a Trung tâm Học liệu Trường Đại học Cần Thơ